000 00807nam a2200229Ii 4500
003 JO-AjNU
008 230605s9999||||xx |||||||||||||| ||und||
017 _a2008/2/510
020 _a978-9957-499-32-7
040 _aJO-AjNU
_bara
_erda
_cJO-AjNU
041 _aara
050 1 4 _aG155.J6.S3242 2009
100 3 _aالسعيدي، عصام حسن,
_eauthor
_951051
245 0 0 _aالدلالة والإرشاد السياحي
250 _aط1
264 3 1 _aعمان: دار الراية للنشر والتوزيع، 2009
300 _a250ص
336 _atext
_btxt
_2rdacontent
337 _aunmediated
_bn
_2rdamedia
338 _avolume
_bnc
_2rdacarrier
650 4 _aالسياحة - جوانب اقتصادية - السياحة - تسويق الارشاد السياحي - الادلة
_951052
999 _aA22526
_c26094
_d26094